<?xml version="1.0" encoding="UTF-8"?>
<record
    xmlns:xsi="http://www.w3.org/2001/XMLSchema-instance"
    xsi:schemaLocation="http://www.loc.gov/MARC21/slim http://www.loc.gov/standards/marcxml/schema/MARC21slim.xsd"
    xmlns="http://www.loc.gov/MARC21/slim">

  <leader>01201nam a2200193 a 4500</leader>
  <controlfield tag="008">180205e2016    ag ||||g |||| 00| 0 spa d</controlfield>
  <datafield tag="020" ind1=" " ind2=" ">
    <subfield code="a">9789875803237</subfield>
  </datafield>
  <datafield tag="041" ind1=" " ind2=" ">
    <subfield code="a">spa</subfield>
  </datafield>
  <datafield tag="092" ind1=" " ind2=" ">
    <subfield code="c">808</subfield>
    <subfield code="l">15</subfield>
    <subfield code="s">DES</subfield>
  </datafield>
  <datafield tag="100" ind1=" " ind2="1">
    <subfield code="a">De Santis, Pablo</subfield>
    <subfield code="9">2949</subfield>
  </datafield>
  <datafield tag="245" ind1=" " ind2="3">
    <subfield code="a">El enigma de Par&#xED;s/</subfield>
    <subfield code="c">Pablo De Santis</subfield>
  </datafield>
  <datafield tag="250" ind1=" " ind2=" ">
    <subfield code="a">9a ed.</subfield>
  </datafield>
  <datafield tag="260" ind1=" " ind2=" ">
    <subfield code="a">Buenos Aires:</subfield>
    <subfield code="b">Booket;</subfield>
    <subfield code="c">2016.</subfield>
  </datafield>
  <datafield tag="300" ind1=" " ind2=" ">
    <subfield code="a">288 p.</subfield>
    <subfield code="c">19x13 cm</subfield>
  </datafield>
  <datafield tag="500" ind1=" " ind2=" ">
    <subfield code="a">De Santis, P. (2016). El enigma de Par&#xED;s. (9a ed.). Buenos Aires : Booket.</subfield>
  </datafield>
  <datafield tag="505" ind1=" " ind2=" ">
    <subfield code="a">Par&#xED;s 1889. Los Doce Detectives, los investigadores m&#xE1;s famosos del mundo, se re&#xFA;nen con motivo de la Exposici&#xF3;n Universal. El selecto club tiene la misi&#xF3;n de revelar al p&#xFA;blico sus casos m&#xE1;s c&#xE9;lebres, los m&#xE9;todos secretos, la filosof&#xED;a de cada investigaci&#xF3;n y su concepci&#xF3;n del crimen. La extra&#xF1;a muerte de uno de los Doce, despe&#xF1;ado misteriosamente desde una torre Eiffel en construcci&#xF3;n, dar&#xE1; un giro a la reuni&#xF3;n y les obligar&#xE1; a afinar sus habilidades para tratar de resolver lo que parece, a priori, la actuaci&#xF3;n de un asesino en serie. El lector quedar&#xE1; fascinado por la belleza del enigma en esta novela cargada de magnetismo.</subfield>
  </datafield>
  <datafield tag="655" ind1=" " ind2=" ">
    <subfield code="a">Literatura</subfield>
    <subfield code="9">2917</subfield>
  </datafield>
  <datafield tag="942" ind1=" " ind2=" ">
    <subfield code="2">ddc</subfield>
    <subfield code="c">LIT</subfield>
  </datafield>
  <datafield tag="999" ind1=" " ind2=" ">
    <subfield code="c">3323</subfield>
    <subfield code="d">3323</subfield>
  </datafield>
  <datafield tag="952" ind1=" " ind2=" ">
    <subfield code="0">0</subfield>
    <subfield code="1">0</subfield>
    <subfield code="2">ddc</subfield>
    <subfield code="4">0</subfield>
    <subfield code="7">0</subfield>
    <subfield code="a">BFM</subfield>
    <subfield code="b">BFM</subfield>
    <subfield code="c">CR</subfield>
    <subfield code="d">2026-05-26</subfield>
    <subfield code="e">Donaci&#xF3;n Mayo 2026</subfield>
    <subfield code="l">0</subfield>
    <subfield code="o">808 15 DES</subfield>
    <subfield code="p">5166</subfield>
    <subfield code="r">2026-05-26</subfield>
    <subfield code="t">Ej. 1</subfield>
    <subfield code="w">2026-05-26</subfield>
    <subfield code="y">LIT</subfield>
    <subfield code="z">Donaci&#xF3;n Mayo 2026. Sede Tordos.</subfield>
    <subfield code="f"></subfield>
  </datafield>
</record>
